Municipalities of South Carolina Counties- Florence - Statistics

General Stats
  • This quiz has been taken 18 times
  • The average score is 5 of 9
Answer Stats
Population (2020) Municipality % Correct
39,899 Florence
93%
5,903 Lake City
73%
2,099 Timmonsville
67%
915 Quinby
60%
748 Coward
53%
550 Olanta
47%
1,061 Pamplico
47%
648 Scranton
47%
1,378 Johnsonville
40%
No matching quizzes found
Score Distribution
Percent of People with Each Score
Percentile by Number Answered
Your Score History
You have not taken this quiz